000 01013nam a2200301 a 4500
001 000020639
003 DO-SdBNP
005 20250621074006.0
008 090723s1976 dr r 000 0 spa d
040 _aDO-SdBNP
_bspa
_cBNPHU
082 4 _a338.17361
_bA997p, 1976
245 0 0 _aAzucar y política en la República Dominicana /
_cAndrés Corten ... [et al.].
250 _a2a. ed.
260 _aSanto Domingo :
_bTaller,
_c1976.
300 _a234 p. ;
_c21 cm.
490 0 _aBiblioteca Taller
_v71
590 _aInventariado, 2019/BT
650 4 _aIndustria azucarera
_zRepública Dominicana
_98386
651 4 _aRepública Dominicana
_xCondiciones económicas
_9281
651 0 _aRepública Dominicana
_xPolítica y gobierno
_945
651 4 _aHaíti
_xMigración
_932004
651 4 _aHaíti
_xCondiciones Rurales
_932005
700 1 _aVilas, Carlos Ma.
_943375
700 1 _aAcosta, Mercedes
_932007
700 1 _aDuarte, Isis
_92123
910 _aValidado. Control de calidad MFF
942 _2ddc
_cLBS1
999 _c20143
_d20143